Ciencias Naturales, Biología 1º medio: texto del estudiante

Gespeichert in:
Bibliographische Detailangaben
Hauptverfasser: Aguilera Cortés, Paulina (VerfasserIn), Cuevas Montuschi, Bárbara (VerfasserIn), Navarro Maino, Gina (VerfasserIn), Pavez Huerta, José (VerfasserIn), Poblete Ahumada, Natalia (VerfasserIn)
Format: Buch
Sprache:Spanisch
Veröffentlicht: Santiago Santillana del Pacífico 2016
Ausgabe:1a. ed
Schlagworte:
Tags: Tag hinzufügen
Keine Tags, Fügen Sie den ersten Tag hinzu!

MARC

LEADER 00000cam a2200000 a 4500
001 UCD9905
003 CL-VaPUC
008 170709e20160000cl |||||||||||||||||spa|d
020 |a 9789561530201 
082 0 4 |a 570.712  |b AGU  |2 21 
100 0 |a Aguilera Cortés, Paulina  |e author  |9 593801 
700 0 |a Cuevas Montuschi, Bárbara  |e author  |9 593802 
700 0 |a Navarro Maino, Gina  |e author  |9 593803 
700 0 |a Pavez Huerta, José  |e author  |9 593804 
700 0 |a Poblete Ahumada, Natalia  |e author  |9 593805 
245 1 0 |a Ciencias Naturales, Biología 1º medio: texto del estudiante 
250 |a 1a. ed 
300 |a 256 p 
942 |c BK 
945 |d 20170709 17:01:00  |a arojas 
260 |a Santiago  |b Santillana del Pacífico   |c 2016 
650 0 |a Ciencias naturales  |9 260542 
650 7 |a ENSEÑANZA DE LAS CIENCIAS NATURALES  |2 CL-VaPUC  |9 593806 
650 0 |a Enseñanza de la biología  |9 338701 
583 |a last modification  |c 20170709 17:01:00  |k Rodrigo Vera 
999 |c 368917  |d 368915 
952 |0 0  |1 0  |3 erb  |4 0  |6 570_712000000000000_AGU_2016  |7 0  |8 A  |9 484395  |a BIBEDU  |b BIBEDU  |i 5404711  |o 570.712 AGU 2016  |p 5404711  |r 2019-11-24  |w 2019-11-24  |y BK  |z Catalogado en:20170709  |k EPE